| 000 | 01342nam a2200337 a 4500 | ||
|---|---|---|---|
| 001 | 000000379 | ||
| 003 | DO-SdBNP | ||
| 005 | 20180323155054.0 | ||
| 007 | 000000379 | ||
| 008 | 081209s2006 dr a 000 0bspa d | ||
| 020 | _a9993476552 | ||
| 040 |
_aBPMSU _bspa _cBPMSU |
||
| 082 |
_a923.272939 _bM524C, 2002 |
||
| 100 | 1 |
_aCassá, Roberto, _d1948- |
|
| 245 | 1 | 0 |
_aMatías Ramón Mella : _bel patriotismo hecho acción / _cRoberto Cassá ; ilustración Ramiro Manzano, José Manuel Rodríguez. |
| 250 | _a3a ed. | ||
| 260 |
_aSanto Domingo : _bTobogán, _c2006 |
||
| 300 |
_a49 p. : _bil. ; _c20 cm. |
||
| 490 | 0 | _aBiografías dominicana Tobogán | |
| 504 | _aBibliografía : p. 49. | ||
| 505 | 0 |
_tSu dimensión -- _tIniciación revolucionaria -- _tHacia el 27 de febrero -- _tDe vuelta al Cibao -- _tCon Santana -- _tMisión en España -- _tEn la revolución de 1857 -- _tRuptura con Santana -- _tVicepresidente restaurador -- _tBibliografía. |
|
| 600 | 1 | 4 |
_aMELLA, MATÍAS RAMÓN, _d1816-1864 |
| 700 | 1 |
_aRodríguez, José Manuel, _eil. |
|
| 700 | 1 |
_aManzano, Ramiro, _eil. |
|
| 830 | 0 | _aBiografías dominicana Tobogán | |
| 910 | _aValidado. Control de calidad MFF | ||
| 942 |
_2ddc _cBK |
||
| 945 | _aRemanejado para la BNPHU / VM | ||
| 956 |
_aTMEREDITH _b10 _c20090827 _lBND01 _h0836 |
||
| 956 |
_aVMATEO _b10 _c20150427 _lBND01 _h00151 |
||
| 999 |
_c7702 _d7702 |
||